Geigy scientific tables / (Record no. 3030)

MARC details
000 -LEADER
fixed length control field 00881nac a22002771ia4500
003 - CONTROL NUMBER IDENTIFIER
control field EG-ScBUE
005 - DATE AND TIME OF LATEST TRANSACTION
control field 20250723084556.0
008 - FIXED-LENGTH DATA ELEMENTS--GENERAL INFORMATION
fixed length control field 250716t1990 sz a f b 001 0 eng d
020 ## - INTERNATIONAL STANDARD BOOK NUMBER
International Standard Book Number 0914168541
040 ## - CATALOGING SOURCE
Original cataloging agency EG-ScBUE
Language of cataloging eng
Description conventions rda
Transcribing agency EG-ScBUE
Modifying agency EG-ScBUE
082 04 - DEWEY DECIMAL CLASSIFICATION NUMBER
Classification number 541.34
Item number GEI
Edition number 22
245 00 - TITLE STATEMENT
Title Geigy scientific tables /
Remainder of title edited by C. Lentner.
250 ## - EDITION STATEMENT
Edition statement Eight, revised and enlarged edition.
264 #1 - PUBLICATION, DISTRIBUTION, ETC. (IMPRINT)
Place of publication, distribution, etc Basle :
Name of publisher, distributor, etc Ciba-Geigy,
Date of publication, distribution, etc [1990]
264 #4 - PUBLICATION, DISTRIBUTION, ETC. (IMPRINT)
Date of publication, distribution, etc c1990
300 ## - PHYSICAL DESCRIPTION
Extent 5 volumes :
Other physical details illustrations ;
Dimensions 22 cm
336 ## - CONTENT TYPE
Source rdacontent
Content type term text
Content type code txt
337 ## - MEDIA TYPE
Media type term unmediated
Source rdamedia
Media type code n
338 ## - CARRIER TYPE
Carrier type term volume
Carrier type code nc
Source rdacarrier
504 ## - BIBLIOGRAPHY, ETC. NOTE
Bibliography, etc Includes bibliographical references and index.<br/>
650 #7 - SUBJECT ADDED ENTRY--TOPICAL TERM
Topical term or geographic name as entry element Science
General subdivision Tables.
Source of heading or term BUEsh
655 ## - INDEX TERM--GENRE/FORM
Form subdivision Reading book
700 1# - ADDED ENTRY--PERSONAL NAME
Relator code Lentner, C.
Fuller form of name (Cornelius),
Relator term editor.
942 ## - ADDED ENTRY ELEMENTS (KOHA)
Koha item type Book - Borrowing
Source of classification or shelving scheme Dewey Decimal Classification
Holdings
Withdrawn status Lost status Source of classification or shelving scheme Damaged status Not for loan Collection code Home library Current library Shelving location Date acquired Source of acquisition Total Checkouts Full call number Barcode Date last seen Koha item type
    Dewey Decimal Classification     Baccah Central Library Central Library First floor 07/03/2015 Purchase   541.34 GEI 000001097 15/07/2025 Book - Borrowing
    Dewey Decimal Classification     Baccah Central Library Central Library First floor 07/03/2015 Purchase   541.34 GEI 000001098 15/07/2025 Book - Borrowing
    Dewey Decimal Classification       Central Library Central Library First floor 07/03/2015 Purchase   541.34 GEI 000001099 15/07/2025 Book - Borrowing
    Dewey Decimal Classification     Baccah Central Library Central Library First floor 07/03/2015 Purchase   541.34 GEI 000001100 15/07/2025 Book - Borrowing
    Dewey Decimal Classification     Baccah Central Library Central Library First floor 07/03/2015 Purchase   541.34 GEI 000001101 15/07/2025 Book - Borrowing